<Der> Verlauf anlagenabhängiger Kosten als Bestimmungsgrösse variabler Abschreibungen.

Závislosť výšky variabilných odpisov od nákladov na údržbu. Koncept exaktnejšieho výpočtu odpisov. Vzťah medzi investičnými platbami, dobou užívania a variabilnými odpismi. Empirický výskum priebehu platieb. Výskum investičných platieb pri užívaní nákladných áut. Hodnotenie jednotlivých komponentov...

Ausführliche Beschreibung

Gespeichert in:
Bibliographische Detailangaben
1. Verfasser: Küpper, H.U
Weitere Verfasser: Zhang, S.
Format: Buchkapitel
Sprache:Deutsch
Schlagworte:
Tags: Tag hinzufügen
Keine Tags, Fügen Sie das erste Tag hinzu!

MARC

LEADER 00000naa a2200000 4500
001 r004306
005 20221130104033.1
041 0 |a ger 
044 |a DE 
245 1 0 |a <Der> Verlauf anlagenabhängiger Kosten als Bestimmungsgrösse variabler Abschreibungen.  |c H.U. Küpper, S. Zhang 
520 |a Závislosť výšky variabilných odpisov od nákladov na údržbu. Koncept exaktnejšieho výpočtu odpisov. Vzťah medzi investičnými platbami, dobou užívania a variabilnými odpismi. Empirický výskum priebehu platieb. Výskum investičných platieb pri užívaní nákladných áut. Hodnotenie jednotlivých komponentov údržby. 
610 2 0 |a náklady investičné 
610 2 0 |a odpisy 
610 2 0 |a automobily nákladné 
610 2 0 |a údržba 
100 1 |a Küpper, H.U. 
700 1 |a Zhang, S.